<?xml version="1.0" encoding="UTF-8"?>
<marc:record xmlns:marc="http://www.loc.gov/MARC21/slim">
   <marc:leader>00000nam a2200000 a 4500</marc:leader>
   <marc:datafield ind1="1" ind2=" " tag="100">
      <marc:subfield code="a">Lama, David</marc:subfield>
      <marc:subfield code="4">aut</marc:subfield>
      <marc:subfield code="e">Verfasser/-in</marc:subfield>
   </marc:datafield>
   <marc:datafield ind1=" " ind2=" " tag="653">
      <marc:subfield code="a">Freiklettern</marc:subfield>
   </marc:datafield>
   <marc:datafield ind1=" " ind2=" " tag="653">
      <marc:subfield code="a">Erlebnisbericht</marc:subfield>
   </marc:datafield>
   <marc:datafield ind1="0" ind2="0" tag="245">
      <marc:subfield code="a">High</marc:subfield>
   </marc:datafield>
   <marc:datafield ind1="0" ind2="0" tag="245">
      <marc:subfield code="b">genial unterwegs an Berg und Fels</marc:subfield>
   </marc:datafield>
   <marc:datafield ind1="0" ind2="0" tag="245">
      <marc:subfield code="c">David Lama</marc:subfield>
   </marc:datafield>
   <marc:datafield ind1=" " ind2="1" tag="264">
      <marc:subfield code="a">München</marc:subfield>
      <marc:subfield code="b">Knaus</marc:subfield>
      <marc:subfield code="c">2010</marc:subfield>
   </marc:datafield>
   <marc:datafield ind1=" " ind2=" " tag="250">
      <marc:subfield code="a">1. Aufl.</marc:subfield>
   </marc:datafield>
   <marc:datafield ind1="1" ind2=" " tag="520">
      <marc:subfield code="a">Mit Rückblicken etablierter Bergsteiger auf ihre "Sturm- und Drangzeit" ist der Buchmarkt gut bestückt (u.a. Gerlinde Kaltenbrunner). Hier jedoch kommt mit David Lama bereits mit 13 die Weltkletterelite aufmischte und von der jungen Klettergilde wie ein Superheld gefeiert wird, eine neue Generation zu Wort, die unbekümmert und mit einem salopp-brachialen Vokabular von haarsträubenden Kletteraktionen zu berichten weiß. Der Sohn eines Nepalesen und einer Österreicherin beschreibt seine Laufbahn als Wettkampfkletterer, alpine Projekte und er philosophiert über die Unbedingtheit, mit der er sich seiner Leidenschaft hingibt. Bei der Ausgewogenheit der Darstellung und des absolut frischen Stils half maßgeblich der Autor Christan Seiler, der auch das Red-Bull-Bulletin journalistisch bekleidet. Eine Sportbiografie, die in puncto Authentizität jugendliche Leser erreichen dürfte, vor allem Jungen anspricht und gut in einen ausgebauten Jugendbereich passt.</marc:subfield>
   </marc:datafield>
   <marc:datafield ind1=" " ind2=" " tag="020">
      <marc:subfield code="a">9783813503869</marc:subfield>
      <marc:subfield code="9">9783813503869</marc:subfield>
   </marc:datafield>
   <marc:datafield ind1=" " ind2=" " tag="300">
      <marc:subfield code="a">219, [24] S. : Ill.</marc:subfield>
   </marc:datafield>
</marc:record>
